Kríza vo fabrike by mohla mať ďalekosiahle následky, vraví generálny riaditeľ NCHZ Ján Kostka

Predbežné údaje o hospodárení Nováckych chemických závodov (NCHZ), a.s. Nováky za rok 1997. Príčiny nízkeho zisku. Vyriešenie vlastníckych vzťahov a investície. Rezervy v hospodárnosti. Problémy revitalizácie podniku. Ekologický dlh spoločnosti. Potreba vyriešenia vlastníckych vzťahov pre ďalší rozv...

Descripción completa

Guardado en:
Detalles Bibliográficos
Autor principal: Hrúz, Juraj
Formato: Libro
Lenguaje:eslovaco
Materias:
Etiquetas: Agregar Etiqueta
Sin Etiquetas, Sea el primero en etiquetar este registro!

MARC

LEADER 00000nam a2200000 4500
001 r030615
005 20230921083346.1
041 0 |a slo 
044 |a SK 
245 1 0 |a Kríza vo fabrike by mohla mať ďalekosiahle následky, vraví generálny riaditeľ NCHZ Ján Kostka  |c Juraj Hrúz 
520 |a Predbežné údaje o hospodárení Nováckych chemických závodov (NCHZ), a.s. Nováky za rok 1997. Príčiny nízkeho zisku. Vyriešenie vlastníckych vzťahov a investície. Rezervy v hospodárnosti. Problémy revitalizácie podniku. Ekologický dlh spoločnosti. Potreba vyriešenia vlastníckych vzťahov pre ďalší rozvoj firmy. 
610 2 0 |a priemysel chemický 
610 2 0 |a hospodárenie podnikové 
610 2 0 |a zisk 
610 2 0 |a investície 
610 2 0 |a vzťahy vlastnícke 
610 2 0 |a hospodárnosť 
610 2 0 |a oživenie 
610 2 0 |a ekológia 
610 2 0 |a Novácke chemické závody, a.s. Nováky 
100 1 |a Hrúz, Juraj